00377nam a2200133Ia 4500008004100000041000800041082001500049100002600064245004500090250001400135260005000149300003300199365001100232240624s9999 xx 000 0 und d aeng a657.42 BHA aBHATTACHARYYA ASISH K aPRINCIPLES AND PRACTICE OF COST ACCOUNTI a(3rd ed.) c2013aNew DelhibPHI Learning Private Limited axiii, : 1070 : p. : cm. ; 26 cRSb33